000 02563nam a2200349zi 4500
001 991061596581406706
003 ES-BaIT
005 20260121134918.0
008 260115s2025 sp |||| 0 spa||
020 _a9791387624156
040 _aES-BaIT
_bcat
_erda
_cES-BaIT
043 _ae-sp---
080 _a860(09)
100 _aGonzález Subías, José Luis
_eautor
_9117752
245 1 0 _aLiteratura y escena :
_buna historia del teatro español /
_cJosé Luis González Subías ; prólogo de José Luis Alonso de Santos
250 _aPrimera edición en esta colección
264 1 _aMadrid :
_bPunto de Vista Editores,
_coctubre 2025
300 _a473 pàgines ;
_c23 cm
336 _atext
_btxt
_2rdacontent
337 _asense mediació
_bn
_2rdamedia
338 _avolum
_bnc
_2rdacarrier
490 1 _aColección Artes Escénicas ;
_v2
520 _a"Literatura y escena es una travesía apasionada por la historia del teatro español en lengua castellana, desde sus orígenes litúrgicos hasta las voces más recientes de la dramaturgia contemporánea. José Luis González Subías traza un relato riguroso, personal y vibrante, en el que la escena -entendida como espejo cultural, social y político- se convierte en el hilo conductor de siglos de creación dramática. Lejos del tono enciclopédico, esta obra despliega una mirada crítica e incisiva sobre más de cinco siglos de tradición teatral. El autor rescata autores olvidados, revisita con nuevos ojos figuras esenciales del canon y analiza la escena como territorio de expresión, conflicto y memoria colectiva. Su escritura, clara y sugestiva, permite leer esta historia como un ensayo narrativo que invita tanto a la reflexión como al disfrute. Con prólogo de José Luis Alonso de Santos, este libro se dirige a investigadores, estudiantes y amantes del teatro que deseen adentrarse en su evolución histórica, estética y simbólica. Una obra que no solo informa, sino que contagia el entusiasmo por las artes escénicas como forma viva de conocimiento, emoción y representación del mundo." -- Contracoberta
650 0 _aLiteratura dramàtica castellana
_xHistòria i crítica
_968165
650 0 _aTeatre castellà
_xHistòria i crítica
_969564
700 1 _aAlonso de Santos, José Luis,
_d1942-
_eescriptor d'un pròleg
_94267
830 _aArtes escénicas (Punto de Vista)
_v2
_9168113
856 4 4 _3Sumari
_uhttps://puntodevistaeditores.com/wp-content/uploads/2025/09/literatura-y-escena-nueva-adelanto.pdf
908 _aCDMAE
940 _aCDMAE
942 _2udc
_c1
999 _c136907
_d136907